| 000 | 00974cad a22002175a 4500 | ||
|---|---|---|---|
| 001 | L154832 | ||
| 008 | 120123s2012 d f s 000 0 eng d | ||
| 035 | _a(Sirsi) u154832 | ||
| 041 | 0 | _aeng | |
| 110 | 2 |
_aNAI Global _95315 |
|
| 245 | 0 | 0 |
_aGlobal market report 2012 _bvalues, trends and opportunities in 200+ property markets worldwide _h[electronic resource] |
| 260 |
_aPrinceton _bNAI Global _c2012 |
||
| 490 | 0 |
_aNAI Global Market Report _v2012 |
|
| 520 | _aOverview of NAI's comprehensive priced annual publication "Global Market Report" covering commercial property market conditions across United States, Canada, Latin America and the Caribbean, EMEA (Europe, Middle East, Africa) and Asia Pacific regions. | ||
| 590 | _aKA NTK | ||
| 650 | 2 | 4 | _aNAI GLOBAL MARKET REPORT |
| 651 | 4 | _aInternational | |
| 690 |
_aCommercial property _96227 |
||
| 856 | 4 | 0 |
_uhttps://www.naiglobal.com/publications.aspx _zView the item free of charge at www.naiglobal.com |
| 942 | _n0 | ||
| 999 |
_c113183 _d113183 |
||